Normal view
MARC view
Entry Personal Name
001 - CONTROL NUMBER
- control field: 25428
003 - CONTROL NUMBER IDENTIFIER
- control field: Doon University
005 - DATE AND TIME OF LATEST TRANSACTION
- control field: 20250321161151.0
008 - FIXED-LENGTH DATA ELEMENTS
- fixed length control field: 250321|| aca||aabn | a|a d
040 ## - CATALOGING SOURCE
- Original cataloging agency: Doon University
- Transcribing agency: Doon University
100 ## - HEADING--PERSONAL NAME
- Personal name: Kaufman, Maron
670 ## - SOURCE DATA FOUND
- Source citation: Work cat.: (Doon University)59520: Kaufman, Maron, Principles of Thermodynamics, 2016